000 00342nam a2200157Ia 4500
003 OSt
005 20240221164620.0
008 170524s9999 xx 000 0 und d
020 _a978-0060974640
040 _cIIMT
100 _aEnglish Edition
245 0 _aMediterranean Cooking
260 _bBonechi
260 _c2001
942 _2ddc
_c02
999 _c7071
_d7071